Cargando...

Randomized algorithms /

Detalles Bibliográficos
Autor Principal: Motwani, Rajeev
Outros autores: Raghavan, Prabhakar
Formato: Printed Book
Idioma:English
Publicado: Cambridge ; Cambridge University Press, 2005.
Subjects:
LEADER 00769pam a2200217 a 4500
003 OSt
008 941109s1995 enka b 001 0 eng
080 |a 519.688  |b MOT 
100 1 |a Motwani, Rajeev.  |9 6700 
245 1 0 |a Randomized algorithms /  |c Rajeev Motwani, Prabhakar Raghavan. 
260 |a Cambridge ;  |b Cambridge University Press,  |c 2005. 
300 |a xiv, 476 p. :  |b ill. ; 
650 0 |a Stochastic processes  |x Data processing.  |9 4632 
650 0 |a Algorithms. 
653 |a Algorithms 
653 |a stochastic processes-data processing 
700 1 |a Motwani, Rajeev.  |9 6701 
700 1 |a Raghavan, Prabhakar.  |9 6702 
942 |c BK  |6 _ 
999 |c 219882  |d 219882 
952 |0 0  |1 0  |4 0  |6 519688_MOT  |7 0  |9 284531  |a MAT  |b MAT  |d 2010-07-30  |o 519.688 MOT  |p MAT05716  |r 2010-07-30  |t 1  |w 2010-07-30  |y BK